| 000 | 00512nam a2200181 a 4500 | ||
|---|---|---|---|
| 001 | 000016057 | ||
| 005 | 20240412074244.0 | ||
| 008 | 100224s1909 fr 000 0 spa d | ||
| 040 |
_aDO-SdBNP _bspa _cBNPHU |
||
| 082 |
_aRD861.42 _bP438o |
||
| 100 | 1 |
_aPérez Alfonseca, Ricardo _924948 |
|
| 245 | 1 | 0 |
_aOda de un yo / _cRicardo Pérez Alfonseca. |
| 260 |
_aParís : _bAriel, _c1909. |
||
| 300 |
_a[21] p. ; _c20 cm. |
||
| 650 | 0 |
_aPoesía dominicana _966 |
|
| 650 | 0 |
_aLiteratura dominicana. _967 |
|
| 049 | _aBNPD | ||
| 999 |
_c15598 _d15598 |
||